| 000 | 00851nam a22001937a 4500 | ||
|---|---|---|---|
| 999 |
_c59071 _d59071 |
||
| 003 | Ge_BSU | ||
| 005 | 20221116142412.0 | ||
| 008 | 221116s1998 ge ||||| |||| 00| 0 geo d | ||
| 020 | _a5511007633 | ||
| 041 | _ageo | ||
| 080 | _a341 ა-48 | ||
| 100 |
_aალექსიძე, ლევან _915854 |
||
| 245 |
_aთანამედროვე საერთაშორისო სამართალი / _cლევან ალექსიძე ; რედ. ა. დემეტრაშვილი. |
||
| 264 |
_aთბილისი : _bთბილ. უნ-ტის გამ-ბა, _c1998. |
||
| 300 |
_a324 გვ. ; _b20 სმ. |
||
| 653 | _aსაერთაშორისო სამართალი | ||
| 700 |
_aდემეტრაშვილი, ა. _eრედაქტორი _915855 |
||
| 942 |
_2udc _cBK |
||